00644nam a2200193Ia 4500952012900000999001700129003000400146005001700150008004100167020001500208040001800223082001900241100003000260245005400290260004300344300000900387650001000396942004400406 00102ddc40708POEaMESbMEScHINd2019-02-20g200.00l0o891.431 ARU/Ap36151r2019-02-20 00:00:00w2019-02-20yBKzGR6R5 c16771d16771OSt20200606120004.0190216s9999||||xx |||||||||||||| ||und|| a8189790431 cMESKC library a891.431bARU/A aSharma, Yogendranath9207 0aAkshar Akshar Ho Amar /cYogendranath Sharma Arun bHindi Sahitya Niketan,c2010.aBijnor: a144p aHindi cBK2ddch891.431iARU/Ak891.431mARU/A